00375nam a2200145Ia 45000030006000000080041000060400015000471000015000622450061000772500006001382600050001443000006001945460012002000050017002120STCL150530s9999 xx 000 0 und d aSTCLcSTCL aSharan, V. aInternational Business Concepts Environment and Strategy a2 bPearson Education; Singaporec2006aSingapore a0 aEnglish20220125170549.0